Chemical principles for life (Record no. 29885)

MARC details
000 -LEADER
fixed length control field 00438nam a2200169Ia 4500
082 ## - DEWEY DECIMAL CLASSIFICATION NUMBER
Classification number 577.1:54
Item number FOR
100 ## - MAIN ENTRY--AUTHOR NAME
Personal name FORNEY, Lois W
245 #0 - TITLE STATEMENT
Title Chemical principles for life
260 ## - PUBLICATION, DISTRIBUTION, ETC. (IMPRINT)
Place of publication New Jersey
Name of publisher Prentice Hall
Year of publication 1978
650 ## - SUBJECT ADDED ENTRY--TOPICAL TERM
Topical Term Atomic structure
650 ## - SUBJECT ADDED ENTRY--TOPICAL TERM
Topical Term Biological molecule
650 ## - SUBJECT ADDED ENTRY--TOPICAL TERM
Topical Term Chemical bonding
650 ## - SUBJECT ADDED ENTRY--TOPICAL TERM
Topical Term Electrolyte
650 ## - SUBJECT ADDED ENTRY--TOPICAL TERM
Topical Term Metabolism
942 ## - ADDED ENTRY ELEMENTS (KOHA)
Koha item type Books
Holdings
Withdrawn status Lost status Damaged status Not for loan Home library Current library Date acquired Full call number Accession Number Koha item type
        RRII Library RRII Library 16/12/2021 577.1:54 FOR 10465 Books